Návrh a posúdenie plošného základu - riešenie praktického problému.

Guardado en:
Detalles Bibliográficos
Autor principal: Szabó, Alexander, 1989- (Autor)
Otros Autores: Hruštinec, Ľuboš, 1964- (Orientador)
Formato: Manuscrito Libro
Lenguaje:eslovaco
Publicado: Bratislava : STU v Bratislave SvF, 2014
Materias:
Acceso en línea:VAIS
https://opac.crzp.sk/?fn=detailBiblioForm&sid=C919D44823240A532B71DF2BAD51
Etiquetas: Agregar Etiqueta
Sin Etiquetas, Sea el primero en etiquetar este registro!

MARC

LEADER 00000ntm a22000003a 4500
001 stu297118
005 20230609113940.1
008 140919s2014----xo------------------slo-d
040 |a STU  |b slo 
041 0 |a slo 
044 |a xo 
100 1 |a Szabó, Alexander,  |d 1989-  |4 aut  |u V  |T SvF Stavebná fakulta  |X 59095  |U V  |Y 10  |7 A000059095 
242 0 0 |a Design and assesment of spread footing - solution of a practical problem.  |y eng 
245 1 |a Návrh a posúdenie plošného základu - riešenie praktického problému. 
260 |a Bratislava :  |b STU v Bratislave SvF,  |c 2014 
650 7 |a inžinierske konštrukcie a dopravné stavby  |2 stusub 
650 7 |a Structural and Transportation Engineering  |2 estusub 
650 7 |a limit state  |2 estusub 
650 7 |a medzný stav  |2 stusub 
700 1 |a Hruštinec, Ľuboš,  |d 1964-  |4 ths  |u V150  |U SvF Stavebná fakulta  |T SvF Katedra geotechniky  |X 913  |U V150  |Y 15  |7 A000000913 
856 4 |a info a plný text  |u http://is.stuba.sk/zp/portal_zp.pl?podrobnosti=91498  |3 VAIS 
856 4 |a CRZP  |u https://opac.crzp.sk/?fn=detailBiblioForm&sid=C919D44823240A532B71DF2BAD51